German risk study - main report : study of the risk due to accidents in nuclear power plants /

Guardado en:
Autor Corporativo: Gesellschaft für Reaktorsicherheit.
Otros Autores: Barsell, Arthur W., Wall, I. B.
Formato: Libro
Idioma:English
Publicado: Palo Alto, Calif. : Electric Power Research Institute (EPRI), c1981.
Series:EPRI special report ; NP-1804-SR
Materias:
Etiquetas: Agregar Etiqueta
Sin Etiquetas, Sea el primero en etiquetar este registro!
LEADER 01278nam a22002655a 4500
001 EIQ.libpla001295
008 060905s1981####caua#####b####000#0#eng#d
005 20060905164147.0
245 1 0 |a German risk study - main report :  |b study of the risk due to accidents in nuclear power plants /  |c a study by the Gesellschaft für Reaktorsicherheit, sponsored by the Federal Ministry for Research and Technology ; technical editors, Arthur W. Barsell and Ian B. Wall ; translated by Leo Kanner Associates. 
260 |a Palo Alto, Calif. :  |b Electric Power Research Institute (EPRI),  |c c1981. 
300 |a 1 v. (en varias paginaciones) :  |b il. ;  |c 28 cm. 
490 0 |a EPRI special report ;  |v NP-1804-SR 
500 |a "April 1981.". 
504 |a Incluye referencias bibliográficas. 
700 1 |a Barsell, Arthur W. 
700 1 |a Wall, I. B. 
650 4 |a Industria nuclear  |x Seguridad. 
650 4 |a Industria nuclear  |x Accidentes. 
650 4 |a Industria nuclear  |x Aspectos ambientales. 
650 4 |a Nuclear power plants  |x Safety. 
650 4 |a Nuclear power plants  |x Environmental aspects. 
650 4 |a Nuclear power plants  |x Accidents. 
040 |a AR-BbSID  |b spa  |c AR-BbSID 
110 2 |a Gesellschaft für Reaktorsicherheit. 
859 |a AR-BbSID  |b BIB. PLAPIQUI  |h 621.483 5  |i G 317  |p 2549